Seven deadly sins : Pride

Bibliographic Details
Main Author: Wasserman,Robin
Format: Book
Published: New York : Simon and Schuster , 2006
Subjects:

MARC

LEADER 00000cam a2200000 7i4500
001 0000007919
005 20160330.0
008 070907
020 |a 1416910697 
090 0 0 |a SEV   |b ENG (7826) 
100 1 |a Wasserman,Robin 
245 1 0 |a Seven deadly sins :   |b Pride   |c Robin Wasserman 
260 |a New York :   |b Simon and Schuster ,   |c 2006 
500 |a Teenager ages 13-18 years old (blue) 
650 0 |a Novel 
650 0 |a Teenagers   |x English   |x Languages 
999 |a 0000991653   |b Book   |c Teenagers   |e Perbadanan Perpustakaan Awam Johor 
999 |a 0000991655   |b Book   |c Teenagers   |e Perbadanan Perpustakaan Awam Johor